| 000 | 00761nam a2200253Ia 4500 | ||
|---|---|---|---|
| 003 | OSt | ||
| 005 | 20220926020217.0 | ||
| 006 | a|||||r|||| 00| 0 | ||
| 007 | ta | ||
| 008 | 220923b |||||||| |||| 00| 0 eng d | ||
| 020 | _a0415911532 | ||
| 037 | _cGeneral Book | ||
| 040 |
_aRTL _cRTL _beng |
||
| 041 |
_2eng _aeng |
||
| 082 | _aY15:3(M37), N6 | ||
| 100 |
_aCohen Colleen Ballerino, and others Ed. _9323862 |
||
| 245 | 0 |
_aBeauty queens _b On the global stage Gender, contes |
|
| 260 |
_aNew York _bRoutledge _c1996 |
||
| 300 |
_avii,256p _ccm. |
||
| 500 | _aBibliography: p 233-246 | ||
| 650 | _aWoman Sociology | ||
| 942 |
_hY15:3(M37), N6 _cGB _2CC |
||
| 999 |
_c633627 _d633627 |
||